000 01294nam a2200397 i 4500
001 9271
003 KOSZ 005
005 20200414134031.0
008 071021s1969 pl a g 000 0 pol
015 _aPB 1969/1601
035 _a(PL-WaBN)b20071991-48omnis_nlop
035 _ab20071991
035 _a(OCoLC)830901374
035 _a(PL)b0000002007199
040 _aWA N
_cWA N
_dKOSZ 005/RW
046 _k1969
080 _a614.88:797.2
100 1 _aWitkowski, Mieczysław
_d(1929-2003)
_eAutor
245 1 0 _aRatowanie tonących /
_cMieczysław Witkowski.
260 _aWarszawa :
_b"Sport i Turystyka",
_c1969.
300 _a166, [1] stron :
_bilustracje ;
_c18 cm.
336 _aTekst
_btxt
_2rdacontent
337 _aBez urządzenie pośredniczącego
_bn
_2rdamedia
338 _aWolumin
_bnc
_2rdacarrier
380 _aKsiążki
388 _a1901-2000
504 _aBibliografia na stronach 165-[167].
650 7 _aRatownictwo wodne.
_2DBN
650 7 _aPływanie.
658 _aKultura fizyczna i sport
655 7 _aPoradnik
710 2 _aWydawnictwo Sport i Turystyka
_4pbl
856 _uhttp://koha.tu.koszalin.pl/cgi-bin/koha/opac-detail.pl?biblionumber=9271
_yKatalog online BPK
942 _2UKD
_cKS
999 _c9271
_d9271